Gordon & Sweets Silver Method - Statistics

General Stats
  • This quiz has been taken 2 times
  • The average score is 9 of 19
Answer Stats
Steps % Correct
TWTW
100%
Water
100%
Water
100%
Water
100%
Water
100%
Water
100%
Water
100%
Water
100%
Water
100%
Alcohol (100%) x2
0%
Ammoniacal Silver
0%
Clear
0%
Formalin (10%)
0%
Gold Chloride
0%
Iron Aluminum
0%
Nuclear Fast Red (0.1%)
0%
Oxalic Acid (1%)
0%
Potassium Permanganate (0.5%)
0%
Sodium Thiosulphate (2%)
0%
No matching quizzes found
Score Distribution
Percent of People with Each Score
Percentile by Number Answered
Your Score History
You have not taken this quiz